| 000 | 01449nam a2200361 i 4500 | ||
|---|---|---|---|
| 001 | 000038739 | ||
| 003 | DO-SdBNP | ||
| 005 | 20260415113037.0 | ||
| 007 | ta | ||
| 008 | 130419s2000 dr 000 0 spa d | ||
| 040 |
_aDO-SdBNP _bspa _cBNPHU _erda |
||
| 041 | _aspa | ||
| 082 | 4 |
_a923.2 _bG984h 2000 _222 |
|
| 100 | 1 |
_aGutiérrez Félix, Euclides, _d1936- _eautor _4aut. _95673 |
|
| 245 | 1 | 0 |
_aHéroes y próceres dominicanos y americanos / _cEuclides Gutiérrez Félix ; prólogo, Alejandrina Germán |
| 250 | _atercera edición revisada | ||
| 264 | 1 |
_aSanto Domingo, República Dominicana : _bComisión Permanente de Efemérides Patrias, _c2000. |
|
| 300 |
_a272 páginas ; _c20 cm. |
||
| 336 |
_atexto _btxt _2rdacontent |
||
| 337 |
_asin mediación _bn _2rdamedia |
||
| 338 |
_avolumen _bnc _2rdacarrier |
||
| 500 | _aIncluye referencias bibliográficas y notas al pie de las páginas | ||
| 504 | _aBibliografía: páginas, 263-272 | ||
| 590 | _aInventariado, 2026/BT | ||
| 650 | 7 |
_aHéroes _zRepública Dominicana _xBiografía _2LIBRUNAM _989322 |
|
| 650 | 7 |
_aRevolucionarios _zRepública Dominicana _xBiografía _989323 |
|
| 650 | 7 |
_aJefes de estado _zRepública Dominicana _xBiografía _989324 |
|
| 651 | 7 |
_aRepública Dominicana _xBiografía _910879 |
|
| 651 | 7 |
_aAmérica _xBiografía _2LIBRUNAM _989325 |
|
| 700 | 1 |
_aGermán, Alejandrina, _eprologuista _4pr. _912096 |
|
| 910 | _aValidado. Control de calidad MFF | ||
| 942 |
_2ddc _cLBS1 |
||
| 999 |
_c38229 _d38229 |
||